LIBRARY & INFORMATION CENTRE, KCAET, TAVANUR

ONLINE PUBLIC ACCESS CATALOGUE (OPAC)

Analytical and applied mechanics / (Record no. 224)

MARC details
000 -LEADER
fixed length control field 00529cam a2200205ua 4500
041 ## - LANGUAGE CODE
Language code of text/sound track or separate title eng
082 ## - DEWEY DECIMAL CLASSIFICATION NUMBER
Classification number 620.1
Item number CLE/AN
100 ## - MAIN ENTRY--AUTHOR NAME
Personal name Clements, Guy Roger.
245 ## - TITLE STATEMENT
Title Analytical and applied mechanics /
250 ## - EDITION STATEMENT
Edition statement 3 /
260 ## - PUBLICATION, DISTRIBUTION, ETC. (IMPRINT)
Place of publication :
Name of publisher Eurasia Publishing house pvt ltd ,
Year of publication 1962.
300 ## - PHYSICAL DESCRIPTION
Number of Pages 463 ; .
650 ## - SUBJECT ADDED ENTRY--TOPICAL TERM
Topical Term Mechanics
700 1# - ADDED ENTRY--PERSONAL NAME
Personal name Wilso, Levi Thomas.
942 ## - ADDED ENTRY ELEMENTS (KOHA)
Koha item type Books
Holdings
Withdrawn status Lost status Damaged status Home library Current library Date acquired Full call number Accession Number Koha item type
      KAUAET KAUAET 07/04/2012 620.1 CLE/AN 4741 Books
free website counter